000 00663nam a2200217Ia 4500
003 GCL
005 20240530110346.0
008 140319s9999 xx 000 0 ara d
020 _a8897920977
040 _aGCL /
_cGCL
082 0 4 _a493.1
_bق/ا ل
100 1 _aاسامة السعداوى
245 1 0 _aاللغة الفرعونية بعيون مصرية /
_cاسامة السعداوى
_hج 1 ،2
260 _aالقاهرة :
_bالصديقان ،
_c1999
300 _a205 ص ؛
_c22 سم
650 0 4 _aالنطق
650 0 4 _aاللغات - تاريخ
650 0 4 _aالكلمات
650 0 4 _aاللغة - طرق تدريس
942 _2ddc
_cBK
999 _c59986
_d59986